Flags of South America: Randomized - Statistics

General Stats
  • This quiz has been taken 67 times
  • The average score is 11 of 12
Answer Stats
Picture Answer % Correct
Argentina
100%
Brazil
100%
Chile
97%
Colombia
97%
Venezuela
97%
Uruguay
93%
Ecuador
87%
Peru
87%
Guyana
83%
Paraguay
83%
Suriname
83%
Bolivia
80%
No matching quizzes found
Score Distribution
Percent of People with Each Score
Percentile by Number Answered
Your Score History
You have not taken this quiz